| 000 | 01137nas a2200337 i 4500 | ||
|---|---|---|---|
| 001 | 1853 | ||
| 003 | ES-MaACL | ||
| 005 | 20250829124022.0 | ||
| 007 | t| | ||
| 008 | 950801c1943 sp t|yp | ||pa d | ||
| 022 | _a0034-9461 | ||
| 080 | _a37 | ||
| 245 | 0 | 0 |
_aRevista española de pedagogía / _cConsejo Superior de Investigaciones Científicas. |
| 260 |
_aMadrid : _bInstituto San José de Calasanz, _c1943. |
||
| 300 |
_a63 v. ; _c24 cm. |
||
| 310 |
_aCuatrimestral, _b1988- |
||
| 321 |
_aTrimestral, _b1943-1987 |
||
| 362 | 0 | _aAño 1, n. 1 (en.-marzo 1943)- | |
| 530 | _aDisponible en Internet | ||
| 650 | 7 |
_aEducación _2embne _912073 |
|
| 650 | 0 | 7 |
_aPedagogía _2embne _915904 |
| 655 | 7 |
_2tgfbne _9226866 _aRevistas |
|
| 710 | 2 |
_aInstituto San José de Calasanz de Pedagogía _9163009 |
|
| 800 |
_t _9237362 |
||
| 852 |
_aES-MaACL _91891 _jHEM-H-158 _dOlim: Hem-1193 _cHEM _zRevista: viva |
||
| 856 |
_uhttps://dialnet.unirioja.es/servlet/revista?codigo=1230 _ySumarios de la revista en Dialnet. |
||
| 866 | 0 | _o1944,2017-2023 | |
| 942 |
_2udc _cPERIODICA |
||
| 999 |
_c1853 _d1853 |
||